Cities by Disaster and Year - Statistics

General Stats
  • This quiz has been taken 26 times
  • The average score is 8 of 20
Answer Stats
Year Disaster City % Correct
1937-1938 Infamous Japanese ransacking of this Chinese city Nanjing
73%
2021 Huge pile-up on I-35 as the Deep Freeze set in across Texas Dallas
68%
1989 Cubana de Aviación Flight 9046 crash Havana
68%
2017 Largest U.S. city hit by Hurricane Harvey Houston
68%
1995 Bombing of Alfred P. Murrah Federal Building Oklahoma City
68%
1871 & 1874 Massive fires that razed large parts of the city Chicago
64%
2001 American Airlines Flight 587 crash, not related to 9/11 New York City
59%
2014 Suicide terror attack that was marked the deadliest in the Xinjiang conflict Ürümqi
55%
1994 Seongsu Bridge disaster Seoul
50%
2025 Roof collapse at the Jet Set nightclub, killing around 200 Santo Domingo
45%
1986 Chernobyl nuclear accident Pripyat
41%
1995 Sampoong Department Store collapse Seoul
32%
1981 Hyatt Regency walkway collapse Kansas City
27%
1995 Great Hanshin earthquake Kobe
27%
2024 Crocus City Hall attack Moscow
23%
2007 Tanker truck crash, explosion, and fire on the MacArthur Maze freeway San Francisco
18%
1986 Hotel New World collapse Singapore
18%
1896 The third-deadliest tornado in U.S. history, which killed 255 St. Louis
18%
1906 Collision and sinking of steamboats Dix and Jeanie in the harbor Seattle
9%
2024 Car ramming at a sport center in Guangdong that took 38 lives Zhuhai
9%
No matching quizzes found
Score Distribution
Percent of People with Each Score
Percentile by Number Answered
Your Score History
You have not taken this quiz